| 000 | 00506nam a2200193 i 4500 | ||
|---|---|---|---|
| 001 | 16789 | ||
| 003 | ES-MaACL | ||
| 005 | 20250812012949.0 | ||
| 007 | t| | ||
| 008 | 001106s1946 fr |||| | spa d | ||
| 080 | _a82.08 | ||
| 100 | 1 |
_aAláiz, Felipe. _919091 |
|
| 245 | 1 | 3 |
_aEl arte de escribir sin arte / _cF. Aláiz. |
| 260 |
_aToulouse : _bF.I.J.L., _c1946. |
||
| 300 |
_a32 p. ; _c16 cm. |
||
| 650 | 7 |
_aArte de escribir _2embne _910176 |
|
| 852 |
_aES-MaACL _j2156-F-14 |
||
| 999 |
_c16789 _d16789 |
||